[Event "29th Open"]
[Site "Cappelle la Grande FRA"]
[Date "2013.02.24"]
[Round "2.15"]
[White "Blomqvist,E"]
[Black "Malakhatko,V"]
[Result "1-0"]
[WhiteElo "2465"]
[BlackElo "2565"]

1.c4 c6 2.Nf3 d5 3.e3 Nf6 4.Nc3 a6 5.Qc2 e6 6.d4 c5 7.cxd5 exd5 8.Be2 Be6
9.O-O Nc6 10.Rd1 Nb4 11.Qb1 Qc8 12.Bd2 Bf5 13.Qc1 c4 14.a3 Nd3 15.Bxd3 Bxd3
16.Ne5 Bf5 17.e4 dxe4 18.Bg5 b5 19.Qf4 Be7 20.Bxf6 gxf6 21.Nd5 Ra7 22.Ne3 Bg6
23.N5g4 f5 24.Nh6 Qc7 25.Qxc7 Rxc7 26.Nhxf5 Bg5 27.h4 Bxe3 28.Nxe3 Kd7 29.a4 b4
30.Nd5 Rb7 31.Rac1 f5 32.Rxc4 Bf7 33.Rc5 Rc8 34.Nf6+ Kd8 35.Rxc8+ Kxc8 36.Rc1+ Kd8
37.Nxh7 Bb3 38.Ng5 Ke7 39.a5 Rd7 40.Rc6 Rxd4 41.h5 f4 42.h6 Rd1+ 43.Kh2 e3
44.fxe3 fxe3 45.h7 Rd8 46.Kg3 Rf8 47.Nf3 Kf7 48.Rxa6 Kg7 49.Ra7+ Kh8 50.Re7 Bc2
51.Ng5 Bg6 52.a6 Rf5 53.Kg4 Ra5 54.Rb7 Bf5+ 55.Kf4  1-0

[Event "29th Open"]
[Site "Cappelle la Grande FRA"]
[Date "2013.02.24"]
[Round "2.166"]
[White "Galoppa,Ludovic"]
[Black "Allentin,E"]
[Result "1/2-1/2"]
[WhiteElo "1744"]
[BlackElo "1965"]

1.c4 c6 2.e4 d5 3.Nc3 dxe4 4.Nxe4 e5 5.Nf3 Bg4 6.Qb3 Qc7 7.Qc3 Nd7 8.Be2 O-O-O
9.d3 h6 10.b4 f5 11.Ng3 Ngf6 12.h3 f4 13.Ne4 Bf5 14.Ned2 g5 15.Bb2 Bg7 16.Nxe5 Nxe5
17.Qxe5 Qxe5 18.Bxe5 Bxd3 19.Bxd3 Rxd3 20.O-O-O Rhd8 21.Nb3 Ne8 22.Bxg7 Nxg7
23.Rxd3 Rxd3 24.Kc2  1/2-1/2

[Event "TCh-CZE Div1 Zapad 2012-13"]
[Site "Czech Republic CZE"]
[Date "2013.02.24"]
[Round "8.7"]
[White "Urban,Z"]
[Black "Petr,Ja1"]
[Result "1-0"]
[WhiteElo "2152"]
[BlackElo "2155"]

1.c4 c6 2.e4 d5 3.e5 e6 4.Nf3 d4 5.d3 c5 6.h4 h5 7.g3 Nc6 8.Bg2 Qc7 9.Qe2 Nh6
10.Bg5 Ng4 11.Bf4 Ne7 12.Nbd2 Ng6 13.O-O Bd7 14.Rfe1 Nxf4 15.gxf4 Bc6 16.b4 cxb4
17.Nxd4 Bxg2 18.Kxg2 Be7 19.N4f3 O-O-O 20.d4 Kb8 21.Rac1 Qc6 22.Qe4 Nh6 23.Qxc6 bxc6
24.c5 Nf5 25.Rc4 Bxh4 26.Rxb4+ Kc7 27.Ra4 Ra8 28.Rb1 Rhb8 29.Rxb8 Kxb8 30.Nc4 Be7
31.Na5 Kc7 32.Rb4 Rb8 33.Rxb8 Kxb8 34.Nxc6+ Kb7 35.Na5+ Kc7 36.Nc4 Kd7 37.Ne3 Nh4+
38.Kg3 Nxf3 39.Kxf3 g6 40.Nc4 Bd8 41.Nd6 f5 42.Nf7 Be7 43.Nh8 g5 44.fxg5 Bxg5
45.Ng6 Bd2 46.Nf8+ Ke7 47.c6 Ba5 48.Ng6+ Kd8 49.Nf4 Kc7 50.Nxe6+ Kxc6 51.Ng7 Kd5
52.Nxf5 Bd8 53.Ng7 Bb6 54.e6 Bd8 55.Kf4 h4 56.Kg4 Kd6 57.f4 Kd5 58.f5 Kxd4
59.Nh5 Ke5 60.Nf4 Kd6 61.Ng6 a5 62.a4 Bf6 63.Nxh4 Ke7 64.Ng6+ Kd6 65.Kh5 Kc7
66.Nf4 Be5 67.Kg5 Kd6 68.Nd5 Bd4 69.Kg6 Bc5 70.e7  1-0

[Event "33rd TCh-IND 2013"]
[Site "Hyderabad IND"]
[Date "2013.02.24"]
[Round "6.3"]
[White "Bakre,T"]
[Black "Sriram,J"]
[Result "1/2-1/2"]
[WhiteElo "2492"]
[BlackElo "2426"]

1.c4 c6 2.d4 d5 3.Nf3 Nf6 4.Nc3 dxc4 5.a4 Bf5 6.e3 e6 7.Bxc4 Bb4 8.O-O Nbd7
9.Qe2 O-O 10.Ne5 Nxe5 11.dxe5 Nd7 12.e4 Bg6 13.f4 Qh4 14.Be3 Bh5 15.Qc2 a5
16.Rf2  1/2-1/2

[Event "29th Open"]
[Site "Cappelle la Grande FRA"]
[Date "2013.02.25"]
[Round "3.24"]
[White "Eingorn,V"]
[Black "Skytte,R"]
[Result "1-0"]
[WhiteElo "2547"]
[BlackElo "2419"]

1.c4 c6 2.Nf3 d5 3.e3 Nf6 4.Nc3 e6 5.b3 Nbd7 6.Qc2 b6 7.Bb2 Bb7 8.d4 Be7
9.Bd3 dxc4 10.bxc4 c5 11.d5 exd5 12.cxd5 a6 13.Rd1 Bd6 14.O-O O-O 15.a4 Qc7
16.h3 Rfe8 17.Nd2 Ne5 18.Nde4 Nxe4 19.Nxe4 Nxd3 20.Nxd6 Qxd6 21.Qxd3 b5 22.e4 f6
23.Rfe1 c4 24.Qc3 Bc8 25.Ba3 Qb8 26.a5 Bd7 27.Bb4 Qe5 28.Qd2 Rac8 29.Bc3 Qc7
30.Re3 Kh8 31.Rde1 Qf4 32.Qb2 Qd6 33.Rg3 Rb8 34.Bb4 Qf4 35.Qd4 Qc7 36.Qd2 Rbd8
37.Bc3 Bc8 38.h4 Qf7 39.Qf4 h5 40.Rge3 Kg8 41.Rg3 Kh8 42.Kh2 Kh7 43.e5 Rxd5
44.exf6 Rf5 45.Rxe8 Rxf4 46.Rxg7+  1-0

[Event "29th Open"]
[Site "Cappelle la Grande FRA"]
[Date "2013.02.25"]
[Round "3.20"]
[White "Le Roux,JP"]
[Black "Aghasaryan,R"]
[Result "1/2-1/2"]
[WhiteElo "2564"]
[BlackElo "2425"]

1.c4 c6 2.e4 d5 3.exd5 cxd5 4.d4 Nf6 5.Nc3 e6 6.Nf3 Nc6 7.c5 Be7 8.Bd3 O-O
9.a3 b6 10.cxb6 axb6 11.Qe2 Nb4 12.Bb5 Bd7 13.Rb1 Bxb5 14.Qxb5 Ra5 15.Qe2 Nc6
16.O-O Qb8 17.g3 Rc8 18.Bf4 Qb7 19.Rbc1 b5 20.Rfd1 b4 21.axb4 Bxb4 22.Ne5 Nd7
23.Nf3 Be7 24.Ra1 Nb6 25.Rxa5 Nxa5 26.Qb5 Nbc4 27.Qxb7 Nxb7 28.Na4 Nba5 29.Rd3 f6
30.h4 Ra8 31.Bc7 Kf7 32.Kf1 Ra7 33.Bxa5 Nxa5 34.Ne1 Nc4 35.b3 Na5 36.Nf3 Nxb3
37.Rxb3 Rxa4 38.Rb7 h5 39.Ke2 Ra2+ 40.Ke3 Ra3+ 41.Ke2 Ra4 42.Ke3 Rb4 43.Ra7 Rb8
44.Ke2 Re8 45.Rd7 Rd8 46.Rb7 Ke8 47.Ne1 Rd7 48.Rb8+ Kf7 49.Nd3 Bd6 50.Rb5 Ra7
51.Ke3 Ke7 52.f4 Kd7 53.Rb2 Kc8 54.Rc2+ Rc7 55.Ra2 Kb7 56.Rb2+ Kc8 57.Ra2 Kd7
58.Ra8 Ke7 59.Ra2 g5 60.Ra6 gxh4 61.gxh4 Rd7 62.f5 exf5 63.Nf4 Bxf4+ 64.Kxf4 Rd6
65.Rxd6 Kxd6 66.Kxf5 Ke7 67.Kg6 Ke6 68.Kxh5 Kf5 69.Kh6 Ke4 70.h5 f5 71.Kg5 f4
72.h6 f3 73.h7 f2 74.h8=Q f1=Q 75.Qe5+  1/2-1/2

[Event "29th Open"]
[Site "Cappelle la Grande FRA"]
[Date "2013.02.25"]
[Round "3.26"]
[White "Arutinian,D"]
[Black "Berg,K"]
[Result "1/2-1/2"]
[WhiteElo "2545"]
[BlackElo "2390"]

1.c4 c6 2.e4 d5 3.exd5 cxd5 4.d4 Nf6 5.Nc3 Nc6 6.Bg5 e6 7.Nf3 Be7 8.c5 O-O
9.Bb5 Ne4 10.Bxe7 Nxe7 11.Rc1 b6 12.c6 Nd6 13.O-O a6 14.c7 Qxc7 15.Nxd5 Qd8
16.Nxe7+ Qxe7 17.Bc6 Bb7 18.d5 Rfd8 19.Re1 Bxc6 20.dxc6 b5 21.a4 Nc4 22.Qe2 Qb4
23.axb5 axb5 24.Ng5 Qe7 25.Qh5 h6 26.Nf3 Qb4 27.Ne5 Nxe5 28.Qxe5 Rac8 29.g3  1/2-1/2

[Event "33rd TCh-IND 2013"]
[Site "Hyderabad IND"]
[Date "2013.02.25"]
[Round "8.6"]
[White "Sagar,S"]
[Black "Nath,R"]
[Result "1-0"]
[WhiteElo "2371"]
[BlackElo "2089"]

1.c4 c6 2.e4 d5 3.cxd5 cxd5 4.exd5 Nf6 5.Nc3 Nxd5 6.Nf3 e6 7.d4 Be7 8.Bd3 O-O
9.O-O Nc6 10.Re1 h6 11.a3 Nf6 12.Bc2 b6 13.Qd3 Bb7 14.Bf4 Re8 15.Rad1 Nb8
16.Ne5 Nbd7 17.Qh3 Nf8 18.Bxh6 gxh6 19.Qg3+  1-0

[Event "29th Open"]
[Site "Cappelle la Grande FRA"]
[Date "2013.02.26"]
[Round "5.36"]
[White "Arutinian,D"]
[Black "Loiseau,Q"]
[Result "1-0"]
[WhiteElo "2545"]
[BlackElo "2374"]

1.c4 c6 2.e4 d5 3.exd5 cxd5 4.cxd5 Nf6 5.Nc3 Nxd5 6.Nf3 Nc6 7.Bc4 e6 8.O-O Be7
9.d4 O-O 10.Re1 b6 11.Nxd5 exd5 12.Bb5 Bb7 13.a3 Bf6 14.Ne5 Nxe5 15.dxe5 Be7
16.Bf4 d4 17.Qg4 f5 18.exf6 Bxf6 19.Bd3 Rf7 20.Rac1 Bd5 21.Be5 b5 22.Bxb5 Qb6
23.Bxf6 Qxf6 24.f3 Rd8 25.Bd3 g6 26.b4 Kg7 27.Qg3 Qb6 28.Rc5 Rf6 29.Re7+ Bf7
30.Rcc7 Rd5 31.Rxa7 Rdd6 32.Qe5 Kf8 33.Rxf7+  1-0

[Event "5th Batavia GM 2013"]
[Site "Amsterdam NED"]
[Date "2013.02.28"]
[Round "1.5"]
[White "Swinkels,R"]
[Black "Rijnaarts,S"]
[Result "1/2-1/2"]
[WhiteElo "2522"]
[BlackElo "2359"]

1.c4 c6 2.Nf3 d5 3.e3 Nf6 4.Nc3 e6 5.b3 Nbd7 6.Qc2 Bb4 7.Bb2 Qe7 8.a3 Bd6
9.Be2 a6 10.d4 e5 11.cxd5 cxd5 12.dxe5 Nxe5 13.Nxe5 Bxe5 14.O-O O-O 15.Bf3 Rd8
16.Rfd1 Qc7 17.g3 Be6 18.Rac1 d4 19.exd4 Bxd4 20.Qe2 Bxb3 21.Rxd4 Rxd4 22.Nb5 Qxc1+
23.Bxc1 Rd1+ 24.Kg2 Rxc1 25.Qb2 Rc5 26.Nd6 Be6 27.Qxb7 Rf8 28.Qxa6 Rc2 29.a4 Ng4
30.Bxg4 Bxg4 31.a5 Rc3 32.h3 Bf3+ 33.Kh2 f5 34.Qb6 Ba8 35.Qb4 Rc7 36.Qb3+ Kh8
37.Nxf5 Be4 38.Qb4 Rcf7 39.Qxe4 Rxf5 40.f4  1/2-1/2

[Event "5th Batavia GM 2013"]
[Site "Amsterdam NED"]
[Date "2013.03.02"]
[Round "3.3"]
[White "Reinderman,D"]
[Black "Riemersma,L"]
[Result "0-1"]
[WhiteElo "2599"]
[BlackElo "2426"]

1.c4 c6 2.Nf3 d5 3.d4 Nf6 4.Nc3 dxc4 5.a4 Bf5 6.Ne5 Nbd7 7.Nxc4 Nb6 8.Ne5 a5
9.Bg5 g6 10.f3 Bg7 11.e4 Be6 12.Qd2 O-O 13.Qf2 Nxe4 14.Nxe4 f6 15.Nc5 Bd5
16.Nxg6 hxg6 17.Be3 Bf7 18.Nxb7 Qb8 19.Nc5 Nd5 20.b3 e5 21.Be2 Nxe3 22.Qxe3 exd4
23.Qd2 Re8 24.Rc1 Qe5 25.f4 Qe7 26.Kf2 d3 27.Bxd3 f5 28.Rhe1 Qh4+ 29.Kf1 Bd4
30.Rxe8+ Rxe8 31.g3 Qe7 32.Na6 Be3 33.Qc3 Bxc1 34.Qxc1 Bxb3 35.Qxc6 Qe1+
36.Kg2 Qd2+ 37.Kh3 Bf7 38.Qd6 Re3 39.Qd8+ Kg7 40.Qd4+ Kg8 41.Qd8+ Kg7 42.Qd4+ Kh7
43.Qd7 Qa2 44.Nc5 Qd5 45.Qxd5 Bxd5 46.Kh4 Bc6 47.Kg5 Bxa4 48.g4 Bd7 49.h4 Rxd3
50.Nxd3 fxg4 51.h5 gxh5 52.Kh4 a4  0-1

[Event "20th Bunratty Masters"]
[Site "Bunratty IRL"]
[Date "2013.03.02"]
[Round "2.14"]
[White "Doyle,H"]
[Black "O'Connor,Jon"]
[Result "0-1"]
[WhiteElo "1920"]
[BlackElo "2124"]

1.c4 c6 2.g3 d5 3.Nf3 Nf6 4.Bg2 g6 5.d4 Bg7 6.O-O O-O 7.cxd5 cxd5 8.Nc3 Nc6
9.Ne5 e6 10.b3 Nd7 11.Nxc6 bxc6 12.Ba3 c5 13.Rc1 Qa5 14.Na4 Bxd4 15.e3 Bg7
16.Qe1 Qd8 17.Qd2 Re8 18.Rfd1 Bb7 19.Bxc5 Nxc5 20.Nxc5 Bc6 21.Na6 Qb6 22.Nb4 Bb7
23.Nd3 a5 24.Nb2 Rec8 25.Na4 Qb5 26.Bf1 Qb4 27.Qxb4 axb4 28.Nb6 Rxc1 29.Rxc1 Rb8
30.Nd7 Rc8 31.Rxc8+ Bxc8 32.Bb5 d4 33.Nb6 Bb7 34.exd4 Bxd4 35.Nc4 Bc5 36.Kf1 Kg7
37.Ne5 g5 38.Ke2 Bd6 39.Nc4 Be7 40.f3 h5 41.h3 Kf6 42.Be8 Bc5 43.Nd2 Ba6+
44.Ke1 Bd3 45.Bb5 Bxb5 46.Ne4+ Ke5 47.Nxc5 Kd4 48.Ne4 g4 49.hxg4 hxg4 50.Nd6 Bd3
51.fxg4 Bg6 52.Kd2 f6 53.Nc4 Be4 54.a4 Bd5 55.a5 Bf3 56.a6 Bd5 57.a7 Kc5
58.Kd3 e5 59.Ke3 Ba8 60.g5 fxg5 61.Nxe5 Kb6 62.Kd4 Kxa7 63.Kc5 Be4 64.Kxb4 Kb6
65.Kc4 Bf5 66.Nf3 Be6+ 67.Kc3 g4 68.Nd4 Bd5 69.b4 Bb7 70.Kd3 Kc7 71.Ke3 Bc8
72.Nc2 Kd6 73.Kd4  0-1

[Event "TCh-CAT Div Hon 2013"]
[Site "Catalonia ESP"]
[Date "2013.03.02"]
[Round "7.1"]
[White "Norwood,D"]
[Black "Cuartas,Ja"]
[Result "1/2-1/2"]
[WhiteElo "2495"]
[BlackElo "2504"]

1.c4 c6 2.Nf3 d5 3.g3 Nf6 4.Bg2 Bg4 5.Ne5 Be6 6.cxd5 Bxd5 7.Nf3 e5 8.Nc3 Bxf3
9.Bxf3 Nbd7 10.O-O Bc5 11.Rb1 Qe7 12.a3 e4 13.Bg2 O-O 14.Qc2 Rfe8 15.b4 Bd6
16.b5 c5 17.d3 exd3 18.Qxd3 Rad8 19.Qc2 b6 20.Rd1 h6 21.Bb2 Be5 22.Bc6 Rf8
23.Qf5 Qe6 24.Qxe6 fxe6 25.a4 Nb8 26.Bf3 a5 27.Kf1 Kf7 28.Ke1 Ke7 29.Rxd8 Rxd8
30.Rd1 Rxd1+ 31.Kxd1 Nbd7 32.Kc2 Kd6 33.h3 Nf8 34.Bg2 Ng6 35.f4 Bd4 36.Kd3 e5
37.e3 c4+ 38.Kxc4 Bxe3 39.Ba3+ Ke6 40.Nd5 exf4 41.gxf4 Nxd5 42.Bxd5+ Kf5
43.Bb2 Nxf4 44.Bxg7 Kg6 45.Bd4 Bxd4 46.Kxd4 Kf6 47.h4 Ke7 48.Ke4 Ne2 49.Kf5 Kd6
50.Bc4 Nd4+ 51.Kg6 Nf3 52.Kh5 Ke5 53.Be2 Nd4 54.Bg4 Kf4 55.Bd1 Nf5 56.Bc2 Ne3
57.Bb3 Nf5 58.Bc2 Ne3 59.Bb3 Nf5 60.Bc2 Ne3 61.Bb3  1/2-1/2

[Event "3rd Ferdynand Dziedzica Mem"]
[Site "Trzcianka POL"]
[Date "2013.03.03"]
[Round "8.4"]
[White "Janaszak,Daw"]
[Black "Cyborowski,L"]
[Result "1/2-1/2"]
[WhiteElo "2389"]
[BlackElo "2524"]

1.c4 c6 2.g3 d5 3.Bg2 Nf6 4.Nf3 g6 5.b3 Bg7 6.Bb2 O-O 7.O-O Bg4 8.d3 Bxf3
9.Bxf3 Nbd7 10.Nd2 e6 11.Qc2 Re8 12.Rab1 h5 13.b4 Qe7 14.b5 Rec8 15.bxc6 bxc6
16.Qa4 Ne8 17.Ba3 Qd8 18.Rfc1 Ne5 19.Bg2 Nd6 20.cxd5 cxd5 21.Rxc8 Rxc8 22.Qxa7 Ra8
23.Qc5 Bf8 24.Qc1 Qa5 25.Qc5 Qd8 26.Bb2 Bg7 27.Ba3  1/2-1/2

[Event "5th Batavia GM 2013"]
[Site "Amsterdam NED"]
[Date "2013.03.07"]
[Round "7.2"]
[White "Swinkels,R"]
[Black "Kuipers,S"]
[Result "1/2-1/2"]
[WhiteElo "2522"]
[BlackElo "2431"]

1.c4 c6 2.Nf3 d5 3.e3 Nf6 4.Nc3 e6 5.b3 Nbd7 6.Qc2 Be7 7.Bb2 O-O 8.Rg1 b5
9.cxd5 exd5 10.Nd4 Nb8 11.g4 Bxg4 12.Be2 Bd7 13.O-O-O Kh8 14.Rg2 Rg8 15.Rdg1 Na6
16.Nf5 Bxf5 17.Qxf5 Nc5 18.b4 Qd7 19.Qf3 Ne6 20.Bd3 a5 21.Ne2 Qd6 22.Nd4 Nxd4
23.Bxd4 g6 24.Rg4 axb4 25.Rf4 Kg7 26.Rg5 c5 27.Be5 Qe6 28.Bxb5 h6 29.Bd7 Qa6
30.Rg1 Rad8 31.Qxd5 Kf8 32.Qc6 Qxc6 33.Bxc6 Nd7 34.Bb2 Nb6  1/2-1/2

[Event "29th ChessOrg Open"]
[Site "Bad Woerishofen GER"]
[Date "2013.03.08"]
[Round "8.24"]
[White "Roemhild,M"]
[Black "Krauss,Jo"]
[Result "1-0"]
[WhiteElo "2095"]
[BlackElo "2175"]

1.c4 c6 2.g3 d5 3.Bg2 Nf6 4.Nf3 dxc4 5.O-O Nbd7 6.Qc2 Nb6 7.Na3 Be6 8.Ne5 Qd4
9.Nxc6 bxc6 10.Bxc6+ Bd7 11.Bxa8 Nxa8 12.Nxc4 g6 13.d3 Qc5 14.Be3 Qc7 15.Rfc1 Bg7
16.Qb3 O-O 17.Qa3 Bh3 18.Qxa7 Qc6 19.f3 Qe6 20.Rc2 Nd5 21.Bf2 Nac7 22.a3 Qf6
23.Rac1 Ra8 24.Qb7 Bc8 25.Qb3 Bd7 26.Nb6 Nxb6 27.Rxc7  1-0

[Event "TCh-AUT 2 East 2012-13"]
[Site "Austria AUT"]
[Date "2013.03.09"]
[Round "8.1"]
[White "Banusz,T"]
[Black "Zilka,S"]
[Result "1/2-1/2"]
[WhiteElo "2580"]
[BlackElo "2529"]

1.c4 c6 2.d4 d5 3.Nf3 Nf6 4.Nc3 e6 5.g3 dxc4 6.Ne5 c5 7.dxc5 Qxd1+ 8.Nxd1 Bxc5
9.Bg2 O-O 10.O-O Nc6 11.Nxc4 Nd4 12.Nc3 Nd5 13.Bd2 Rd8 14.Rfd1 Bd7 15.Bxd5 exd5
16.Ne5 Bb4 17.Be3 Bxc3 18.Bxd4 Bxd4 19.Rxd4 Bb5 20.Kf1 Rac8 21.Rad1 Kf8 22.R4d2 d4
23.Nf3 d3 24.exd3 Rd5 25.Ne1 Rcd8 26.f3 g5 27.Kf2 R8d6 28.d4 Rh6 29.Kg1 Rf6
30.Rc1 Bc6 31.Rc5 Rxc5 32.dxc5 a5 33.Kf2 Rh6 34.Kf1 Ke7 35.b3 Rf6 36.Ke2 Rf5
37.Rc2 Kd7 38.a3 Bd5 39.Rc3 Rf6 40.Nc2 Rh6 41.Nd4 Rxh2+ 42.Ke3 h5 43.b4 axb4
44.axb4 Rb2 45.b5 h4 46.c6+ bxc6 47.bxc6+ Kc7 48.Rc5 Be6 49.g4 h3 50.Rxg5 h2
51.Rh5 Bd5 52.Rh6 Bc4 53.Ke4 Ra2 54.Kf4 Bf1 55.g5 Rg2 56.Nf5 Bb5 57.Rh7 Kxc6
58.Ne3 Ra2 59.Ng4 Kd6 60.Nxh2 Bd7 61.Nf1 Ra4+ 62.Kg3 Ra5 63.Rxf7 Rxg5+ 64.Kf4 Rg8
65.Ne3 Ke6 66.Rf5 Rg6 67.Rc5 Ke7 68.Re5+ Kf7 69.Nc4 Rf6+ 70.Ke3 Be6 71.Nd2 Rf5
72.Re4 Bd5 73.Ra4 Re5+ 74.Kd4 Re2 75.Ne4 Bxe4 76.fxe4 Re1 77.Ke5 Re2 78.Ra7+ Kf8
79.Kf5 Rf2+ 80.Ke6 Re2 81.e5 Re1 82.Ra8+ Kg7 83.Rd8 Re2 84.Rd5 Kg8 85.Kf6 Rf2+
86.Ke6 Re2 87.Rd1 Re3 88.Rd8+ Kg7 89.Re8 Ra3 90.Rc8 Re3 91.Rc5 Re1 92.Ke7 Ra1
93.Rc7 Ra8 94.e6 Kg6 95.Rb7 Kg7 96.Kd6+ Kf6 97.Kd7 Kg7 98.Rc7 Kf6 99.Rb7 Kg7
100.Kc6+ Kf6 101.e7 Kf7 102.Kd7 Re8 103.Kd6 Ra8 104.Kd7 Re8 105.Kd6 Ra8  1/2-1/2

[Event "TCh-FIN SM 2012-13"]
[Site "Helsinki FIN"]
[Date "2013.03.09"]
[Round "13.5"]
[White "Kauko,J"]
[Black "Fraser,S"]
[Result "1-0"]
[WhiteElo "2268"]
[BlackElo "2132"]

1.c4 c6 2.e4 d5 3.cxd5 cxd5 4.exd5 Nf6 5.Bb5+ Nbd7 6.Nc3 g6 7.Nf3 a6 8.Bxd7+ Bxd7
9.Qb3 Qc7 10.O-O Bg7 11.Re1 O-O 12.Rxe7 Rfe8 13.d6 Rxe7 14.dxc7 Rae8 15.Qd1 Bg4
16.c8=Q Rxc8 17.d4 Bxf3 18.gxf3  1-0

[Event "Karpos Open 2013"]
[Site "Skopje MKD"]
[Date "2013.03.09"]
[Round "1.57"]
[White "Bogdanovski,V"]
[Black "Georgieva,E"]
[Result "1-0"]
[WhiteElo "2444"]
[BlackElo "1904"]

1.c4 c6 2.Nc3 d5 3.e3 Nf6 4.Nf3 Bg4 5.cxd5 cxd5 6.Qb3 Bc8 7.d4 e6 8.Bd3 Nc6
9.O-O Be7 10.Bd2 O-O 11.Rac1 Na5 12.Qd1 Bd7 13.Ne5 a6 14.Qe2 b5 15.Rfd1 Nc4
16.Be1 Be8 17.f4 Nxe5 18.fxe5 Nd7 19.Qg4 Bg5 20.Qh3 h6 21.Ne2 Kh8 22.Nf4 Nb6
23.Ba5 Rb8 24.Rc2 Bd7 25.Rdc1 Qe8 26.b3 Nc8 27.Bb4 Rg8 28.Qg3 Bd8 29.Ng6+ Kh7
30.Ne7+ g6 31.Nxc8  1-0

[Event "47th Begonia Open"]
[Site "Ballarat AUS"]
[Date "2013.03.10"]
[Round "4"]
[White "Humphreys,Scott"]
[Black "Tan,Ju2"]
[Result "0-1"]
[WhiteElo "1663"]
[BlackElo "2269"]

1.c4 c6 2.g3 d5 3.Bg2 dxc4 4.Na3 g6 5.Nxc4 Bg7 6.Nf3 Nd7 7.d4 Ngf6 8.O-O O-O
9.Re1 Ne4 10.e3 h6 11.Nfd2 Nd6 12.b3 Nc5 13.Nb2 Ne6 14.Nd3 c5 15.Bb2 cxd4
16.e4 Nb5 17.Nf3 Qb6 18.Nfe5 Nc5 19.Nc4 Qc7 20.Nxc5 Qxc5 21.Qd3 Be6 22.Rec1 Nc3
23.Nd2 Rac8 24.Bf1 Kh7 25.f4 b5 26.Kg2 f5 27.Be2 fxe4 28.Nxe4 Qc6 29.Bf3 Bd5
30.Bxc3 dxc3 31.Qc2 Rfd8 32.Rd1 Qe6 33.Rac1 Ba8 34.Re1 Qf5 35.Nf2 Bxf3+ 36.Kxf3 Qc5
37.Ne4 Qc6 38.Rcd1 Rd6 39.Kf2 Rd4 40.Rxd4 Qb6 41.Kf3 Qxd4 42.Rd1 Qxd1+ 43.Qxd1 c2
44.Qc1 Bb2 45.Qxb2 c1=Q 46.Qxc1 Rxc1  0-1

[Event "81st ch-St Petersburg w"]
[Site "St Petersburg RUS"]
[Date "2013.03.11"]
[Round "1"]
[White "Chernyak,Viktoria"]
[Black "Belenkaya,D"]
[Result "0-1"]
[WhiteElo "1968"]
[BlackElo "2181"]

1.c4 c6 2.d4 d5 3.Nf3 Nf6 4.e3 e6 5.Nbd2 Nbd7 6.Bd3 Bd6 7.O-O O-O 8.b3 e5
9.cxd5 cxd5 10.dxe5 Nxe5 11.Nxe5 Bxe5 12.Rb1 Bg4 13.Nf3 Bd6 14.Bb2 Qe7 15.Bc2 Rfd8
16.Qd3 Bxf3 17.gxf3 Be5 18.Bxe5 Qxe5 19.Qf5 Qc3 20.Rbc1 Rac8 21.Bd3 Qxc1
22.Rxc1 Rxc1+ 23.Kg2 Rc6 24.Qe5 Rcd6 25.Qd4 b6 26.b4 Ne8 27.f4 Nf6 28.a3 Rc6
29.Qe5 d4 30.Qe7 Rd7 31.Qe5 Re6 32.Qf5 dxe3 33.Kf3 Rd5  0-1

[Event "TCh-LTU 2013"]
[Site "Vilnius LTU"]
[Date "2013.03.11"]
[Round "7.4"]
[White "Baliasnyj,T"]
[Black "Dambrauskas,V"]
[Result "1/2-1/2"]
[WhiteElo "2276"]
[BlackElo "2315"]

1.c4 c6 2.Nf3 d5 3.g3 a6 4.Qb3 Nf6 5.Bg2 g6 6.O-O Bg7 7.d4 O-O 8.Nc3 e6 9.Bf4 Ne4
10.Rfd1 Nxc3 11.bxc3 Nd7 12.cxd5 exd5 13.c4 dxc4 14.Qxc4 Nf6 15.Be5 Qd5 16.Nd2 Qa5
17.Qb3 Qb5 18.a4 Qxb3 19.Nxb3 Nd5 20.Bxg7 Kxg7 21.Bxd5 cxd5 22.a5 b6 23.axb6 Rb8
24.Nc5 Rxb6 25.Rdb1 Rc6 26.Rb8 Bg4 27.Rb2 Ra8 28.f3 Bc8 29.Ra5 Rd6 30.Kf2 Kf8
31.Ke3 Ke7 32.h4 h6 33.Kf4 Rf6+ 34.Ke3 Rd6 35.Kd3 f5 36.Rb1 Kf7 37.Ke3 Kf6
38.Nd3 Bd7 39.Ne5 Be8 40.Rb7 Rc8 41.Ra7 Bb5 42.Rf7+ Ke6 43.Rg7 Be8 44.Nd3 Rc3
45.Ra7 Bb5 46.Kd2 Rc4 47.Nc5+ Kf6 48.Nxa6 Rxd4+ 49.Ke3 Ra4 50.Rxb5 Rdxa6
51.Rxa6+ Rxa6 52.Rxd5 Rb6 53.Kd4 Ra6 54.Rc5 Rd6+ 55.Kc3 Re6 56.Kd3 Rd6+ 57.Ke3 Re6+
58.Kf2 Ra6 59.g4 fxg4 60.fxg4 Rb6 61.Kf3 Ra6 62.e4 Ra1 63.Rc6+ Ke5 64.Rxg6 Ra3+
65.Ke2 Kf4 66.Rxh6 Kxg4 67.e5 Kf5 68.e6 Ra7  1/2-1/2

[Event "13th European Seniors"]
[Site "Plovdiv BUL"]
[Date "2013.03.12"]
[Round "2"]
[White "Raicevic,M"]
[Black "Archangelsky,M"]
[Result "1-0"]
[WhiteElo "2370"]
[BlackElo "2180"]

1.c4 c6 2.Nf3 d5 3.b3 Nf6 4.Bb2 Bg4 5.Ne5 Bf5 6.cxd5 cxd5 7.e3 Nbd7 8.d4 e6
9.Nc3 Bd6 10.Nxd7 Nxd7 11.Bd3 Qg5 12.g3 a6 13.O-O Qg6 14.Bxf5 Qxf5 15.f3 Qh3
16.Qe2 O-O 17.e4 dxe4 18.fxe4 e5 19.Nd5 Rae8 20.Rae1 exd4 21.Bxd4 Bc5 22.Bxc5 Nxc5
23.e5 Nd7 24.Nf4 Qh6 25.e6 fxe6 26.Qd3 Nf6 27.Nxe6 Ng4 28.Rxf8+ Rxf8 29.h4 Re8
30.Qc4 Ne3 31.Ng5+  1-0

[Event "TCh-CAT Div Hon 2013"]
[Site "Catalonia ESP"]
[Date "2013.03.16"]
[Round "9.6"]
[White "Bofill Mas,A"]
[Black "Casanellas Ruano,L"]
[Result "1-0"]
[WhiteElo "2350"]
[BlackElo "2175"]

1.c4 c6 2.g3 d5 3.Bg2 Nf6 4.Nf3 Bf5 5.cxd5 cxd5 6.Qb3 Qb6 7.Qxb6 axb6 8.Nc3 e6
9.d3 Be7 10.O-O O-O 11.Nb5 Nc6 12.Be3 Nd7 13.a3 Rfc8 14.b4 Bg4 15.Rfc1 Kf8
16.Kf1 Ke8 17.Nfd4 e5 18.Nf3 h6 19.Bd2 Be6 20.Bc3 f6 21.Bb2 Kf7 22.Nd2 f5
23.e4 Nf6 24.exd5 Bxd5 25.Nc4 Bxc4 26.Rxc4 Ke6 27.Re1 Nd7 28.f4  1-0

[Event "13th European Seniors"]
[Site "Plovdiv BUL"]
[Date "2013.03.16"]
[Round "6"]
[White "Shvedchikov,A"]
[Black "Nevednichy,B"]
[Result "1-0"]
[WhiteElo "2359"]
[BlackElo "2209"]

1.c4 c6 2.e4 d5 3.exd5 cxd5 4.cxd5 Nf6 5.Qa4+ Nbd7 6.Nc3 g6 7.Be2 Bg7 8.Bf3 O-O
9.d4 Nb6 10.Qb3 a5 11.Bg5 a4 12.Qb5 Ne8 13.Nge2 Nd6 14.Qb4 Ra6 15.Ng3 Nbc4
16.Nxa4 Bxd4 17.Rd1 Bg7 18.b3 Bd7 19.O-O Bxa4 20.bxa4 Nb2 21.Rd2 Nxa4 22.Rc2 h6
23.Be3 Qa5 24.Qh4 g5 25.Qh5 Qd8 26.h4 f6 27.hxg5 fxg5 28.Bg4 Qe8 29.Be6+ Kh8
30.Qg4 Qg6 31.Rc7 Nb6 32.Rxe7 Ra4 33.Qd1 Rb4 34.Bc5 Rh4 35.Bxd6 Nc8 36.Rxg7 Qxg7
37.Bxf8 Qxf8 38.Nf5 Rf4  1-0

[Event "81st ch-St Petersburg w"]
[Site "St Petersburg RUS"]
[Date "2013.03.16"]
[Round "6"]
[White "Tskhadadze,A"]
[Black "Gudkina,Zhanna"]
[Result "0-1"]
[WhiteElo "1824"]
[BlackElo "1843"]

1.c4 c6 2.d4 d5 3.cxd5 cxd5 4.Nf3 Nf6 5.Nc3 Nc6 6.Bf4 Qb6 7.Qd2 Ne4 8.Nxe4 dxe4
9.Ne5 Qxd4 10.Nxc6 Qxd2+ 11.Bxd2 bxc6 12.Rc1 Bd7 13.Rc4 f5 14.Bc3 Rg8 15.h4 e6
16.e3 c5 17.Be5 Bb5 18.Rc3 Bxf1 19.Kxf1 Rd8 20.Ke2 Be7 21.g3 Kf7 22.Rhc1 Rd5
23.Bf4 h6 24.Rd1 Rgd8 25.Rxd5 exd5 26.Be5 d4 27.exd4 cxd4 28.Rc7 g5 29.hxg5 hxg5
30.Rxa7 Ke6 31.Bc7 Rd5 32.Bb6 Bd6 33.a3 f4 34.gxf4 gxf4 35.Ra4 f3+ 36.Ke1 Ke5
37.Rc4 Be7 38.Bc7+ Kf5 39.Bb6 Bf6 40.b4 e3 41.fxe3 Bh4+ 42.Kd2 f2 43.Rc1 dxe3+
44.Ke2 Rd2+ 45.Kxe3 Bg5+ 46.Kf3 Rd3+ 47.Be3 Bxe3 48.Rb1 Rxa3 49.b5 Rb3 50.Rh1 Bb6+
51.Kg2 Kg4 52.Rc1 Rg3+ 53.Kh2 Rg1 54.Rc4+ Kg5  0-1

[Event "Bundesliga 2012-13"]
[Site "Solingen GER"]
[Date "2013.03.17"]
[Round "12"]
[White "Dinstuhl,V"]
[Black "Bluebaum,M"]
[Result "0-1"]
[WhiteElo "2409"]
[BlackElo "2433"]

1.c4 c6 2.e4 d5 3.exd5 cxd5 4.cxd5 Nf6 5.Qa4+ Nbd7 6.Nc3 g6 7.Bc4 Bg7 8.Nf3 O-O
9.d3 a6 10.Qa3 b6 11.O-O Bb7 12.Re1 b5 13.Bb3 Re8 14.Ng5 h6 15.Nge4 Bf8 16.Bd2 Nxe4
17.Nxe4 a5 18.Nc5 Bc8 19.d4 Nf6 20.Bd1 Nxd5 21.Be2 b4 22.Qf3 e6 23.Bb5 Re7
24.a3 Rb8 25.Bf1 Bg7 26.axb4 Bxd4 27.Bxh6 Rxb4 28.Nd3 Rb3 29.Bg5 f6 30.Qe4 e5
31.Nf4 Nxf4 32.Bxf4 Bf5 33.Bc4+ Kh7 34.Qd5 Rd7 35.Qxa5 Qxa5 36.Rxa5 Rb4 37.Bb5 Rd5  0-1

[Event "86th ch-St Petersburg"]
[Site "St Petersburg RUS"]
[Date "2013.03.17"]
[Round "7.1"]
[White "Usmanov,V"]
[Black "Martynov,P2"]
[Result "0-1"]
[WhiteElo "2369"]
[BlackElo "2339"]

1.c4 c6 2.Nf3 Nf6 3.b3 g6 4.Bb2 Bg7 5.g3 O-O 6.Bg2 d5 7.O-O Bg4 8.d3 Bxf3
9.Bxf3 Nbd7 10.Nd2 e5 11.Bg2 Re8 12.Rc1 Qb6 13.Qc2 Rad8 14.Qb1 d4 15.Ba3 Nc5
16.Bxc5 Qxc5 17.b4 Qe7 18.a4 Bf8 19.b5 Bh6 20.Rc2 Bxd2 21.Rxd2 c5 22.a5 Rd6
23.Qc1 e4 24.Ra2 Kg7 25.Qf4 Re6 26.g4 h6 27.h4 Re5 28.Qg3 g5 29.f4 exf3 30.Bxf3 gxh4
31.Qxh4 Rg5 32.e4 dxe3 33.Rh2 Rg6 34.Kh1 Qd7 35.Rg1 Qxd3 36.g5 hxg5 37.Qh3 e2
38.Kg2 g4  0-1

[Event "13th European Seniors"]
[Site "Plovdiv BUL"]
[Date "2013.03.19"]
[Round "9"]
[White "Butnorius,A"]
[Black "Dragasevic,S"]
[Result "1/2-1/2"]
[WhiteElo "2398"]
[BlackElo "2279"]

1.c4 c6 2.Nf3 d5 3.d4 Nf6 4.Nc3 a6 5.a4 e6 6.Bg5 Nbd7 7.e3 Qa5 8.Nd2 Bb4
9.Be2 Ne4 10.Ncxe4 dxe4 11.Bh4 e5 12.Qc2 O-O 13.Rd1 exd4 14.exd4 g5 15.Bg3 f5
16.c5 f4 17.Qxe4 Nf6 18.Qe5 fxg3 19.hxg3 Kg7 20.Rxh7+ Kxh7 21.Qe7+ Kg8 22.Bc4+ Nd5
23.Qxg5+ Kf7 24.Qf4+ Kg7 25.Qg5+ Kf7 26.Qf4+ Kg8  1/2-1/2